Stolice japońskich prefektur - Statystyki

Ogólne statystyki
  • Ten quiz został rozwiązany 12 razy
  • Średni wynik to 32 z 47
Statystyki odpowiedzi
Prefektura Stolica % Poprawnych
Kioto Kioto
100%
Osaka Osaka
100%
Tokio Tokio
100%
Akita Akita
91%
Aomori Aomori
91%
Chiba Chiba
91%
Gifu Gifu
91%
Hiroszima Hiroszima
91%
Kagoshima Kagoshima
91%
Kōchi Kōchi
91%
Kumamoto Kumamoto
91%
Miyazaki Miyazaki
91%
Nagano Nagano
91%
Nagasaki Nagasaki
91%
Nara Nara
91%
Niigata Niigata
91%
Ōita Ōita
91%
Okayama Okayama
91%
Saga Saga
91%
Saitama Saitama
91%
Hokkaido Sapporo
91%
Shizuoka Shizuoka
91%
Tokushima Tokushima
91%
Tottori Tottori
91%
Toyama Toyama
91%
Wakayama Wakayama
91%
Yamagata Yamagata
91%
Yamaguchi Yamaguchi
91%
Fukui Fukui
82%
Fukuoka Fukuoka
82%
Fukushima Fukushima
82%
Aichi Nagoja
82%
Kanagawa Jokohama
64%
Hyogo Kōbe
55%
Miyagi Sendai
55%
Ishikawa Kanazawa
18%
Gunma Maebashi
18%
Okinawa Naha
18%
Mie Tsu
18%
Shimane Matsue
9%
Ehime Matsuyama
9%
Iwate Morioka
9%
Kagawa Takamatsu
9%
Yamanashi Kōfu
0%
Ibaraki Mito
0%
Shiga Ōtsu
0%
Tochigi Utsonomiya
0%
Nie znaleziono quizów pasujących do podanych kryteriów
Rozkład punktacji
Procent ludzi z każdym wynikiem
Percentyl według liczby udzielonych odpowiedzi
Twoja historia wyników
Nie rozwiązałeś tego quizu